|
|
|
|
| LEADER |
00000nas a2200000 a 4500 |
| 001 |
ssj0000502029 |
| 003 |
WaSeSS |
| 005 |
20200512172242.0 |
| 006 |
m d |
| 007 |
cr n |
| 008 |
820331c19809999pk qr p s f0 a0eng c |
| 010 |
|
|
|a sc 84002019
|z sn 83010111
|z 81930061
|
| 022 |
|
|
|l 0251-0480
|y 0251-0480
|
| 030 |
|
|
|a PJARDC
|
| 035 |
|
|
|a (WaSeSS)ssj0000502029
|
| 040 |
|
|
|a CRL
|b eng
|c CRL
|d NSD
|d NST
|d NSD
|d SER
|d DLC
|d HUL
|d DLC
|d NST
|d DLC
|d AGL
|d NST
|d NSD
|d EYM
|d OCLCQ
|d CLU
|d OCLCQ
|d CUS
|d OCLCF
|d OCLCO
|d OCLCA
|d OCLCQ
|d WaSeSS
|
| 042 |
|
|
|a nsdp
|a pcc
|
| 043 |
|
|
|a a-pk---
|
| 050 |
1 |
4 |
|a S542.P32
|
| 070 |
|
|
|a S542.P32P34
|
| 072 |
|
0 |
|a A500
|
| 210 |
0 |
|
|a Pak. j. agric. res.
|
| 222 |
|
0 |
|a Pakistan journal of agricultural research
|
| 245 |
0 |
0 |
|a Pakistan journal of agricultural research
|h [electronic resource].
|
| 260 |
|
|
|a Islamabad :
|b Pakistan Agricultural Research Council,
|c [1980]-
|
| 310 |
|
|
|a Quarterly
|
| 362 |
0 |
|
|a Vol. 1, no. 1 (Jan.-Mar. 1980)-
|
| 500 |
|
|
|a Title from caption.
|
| 506 |
|
|
|a License restrictions may limit access.
|
| 650 |
|
0 |
|a Agriculture
|z Pakistan
|v Periodicals.
|
| 650 |
|
7 |
|a Agriculture.
|2 fast
|0 (OCoLC)fst00801355
|
| 651 |
|
7 |
|a Pakistan.
|2 fast
|0 (OCoLC)fst01210275
|
| 655 |
|
0 |
|a Electronic journals.
|
| 710 |
2 |
|
|a Agricultural Research Council (Pakistan)
|
| 780 |
0 |
0 |
|t Agriculture Pakistan
|x 0002-1776
|w (DLC)SA 62000457
|w (OCoLC)1478583
|
| 850 |
|
|
|a CU
|a CtY-E
|a DNAL
|a ICRL
|a IaAS
|a KMK
|a MH-EB
|a MdU
|a MiEM
|a MiU
|a MnSU
|a MoU
|a NIC PU
|
| 856 |
4 |
0 |
|z Full text available from Research Library: 06/01/2010 to present
|u https://search.proquest.com/publication/616518
|